00647nam a2200193Ia 4500003000400000008004100004040001600045082001900061100002300080245003800103260004300141300000700184650002600191650001100217942001200228999001700240952009800257952009800355GCL140319s9999    xx            000 0 eng d  aGCL / cGCL04aCHb028.5bL B1 aLIBRAIRIE DU LIBAN10aTHE DESERT / cLIBRAIRIE DU LIBAN  a[S.N] : bLIBRAIRIE DU LIBAN ، c1991  a3204aCHILDREN - LITERATURE04aDESERT  2ddccBK  c17363d17363  00104070aCAIbCAId2014-03-26l0oCH\028.5\L Bp31418r2014-03-26 00:00:00w2014-03-26yBK  00104070aCAIbCAId2014-03-26l0oCH\028.5\L Bp31419r2014-03-26 00:00:00w2014-03-26yBK